[Event "Verbandsliga Suedbaden 1819"]
[Site "Baden"]
[Date "2019.01.27"]
[Round "5.6"]
[White "Hurst, Peter"]
[Black "Weber, Michael"]
[Result "1/2-1/2"]
[WhiteElo "2154"]
[BlackElo "1691"]
[PlyCount "79"]
[EventDate "2018.10.14"]
[EventType "team-tourn"]
[EventRounds "9"]
[EventCountry "GER"]
[SourceTitle "EXT 2020"]
[Source "ChessBase"]
[SourceDate "2019.10.17"]
[SourceVersion "1"]
[SourceVersionDate "2019.10.17"]
[SourceQuality "1"]
[WhiteTeam "Lahr"]
[BlackTeam "Oberwinden"]
[WhiteTeamCountry "GER"]
[BlackTeamCountry "GER"]

1. d4 d5 2. f4 Nf6 3. e3 e6 4. Nf3 c5 5. c3 Ne4 6. Be2 Be7 7. 0-0 0-0 8. Ne5 f6 9. Nd3 c4 10. Nf2 Nxf2 11. Rxf2 f5 12. Nd2 Nd7 13. g4 fxg4 14. Bxg4 Nf6 15. Bf3 Bd7 16. e4 Kh8 17. e5 Ng8 18. Nf1 Nh6 19. Ng3 Be8 20. Bd2 Bg6 21. Qf1 Nf5 22. Qh3 Qb6 23. Be1 Rae8 24. Bh5 Bxh5 25. Qxh5 g6 26. Qe2 Rf7 27. Rb1 Bf8 28. Bd2 Qc6 29. Rbf1 b5 30. Rg2 Bh6 31. Qg4 Qc7 32. Qh3 Bg7 33. Nxf5 Rxf5 34. Rxg6 Qf7 35. Rg4 Rg8 36. Kh1 Bf8 37. Rxg8+ Qxg8 38. Be1 Qf7 39. Bh4 Be7 40. Bxe7 1/2-1/2

[Event "GER CupT Baden Seniors final"]
[Site "Baden"]
[Date "2015.06.28"]
[Round "4.2"]
[White "Kindsvogel, Robert"]
[Black "Hurst, Peter"]
[Result "1/2-1/2"]
[WhiteElo "2279"]
[BlackElo "2154"]
[PlyCount "81"]
[EventDate "2015.06.27"]
[EventType "team-tourn"]
[EventRounds "2"]
[EventCountry "GER"]
[SourceTitle "EXT 2022"]
[Source "ChessBase"]
[SourceDate "2021.10.06"]
[SourceVersion "1"]
[SourceVersionDate "2021.10.06"]
[SourceQuality "1"]
[WhiteTeam "Heidelberg"]
[BlackTeam "Lahr/Gr Bohlsbach"]
[WhiteTeamCountry "GER"]
[BlackTeamCountry "GER"]

1. c4 e6 2. Nf3 d5 3. e3 c6 4. Nc3 f5 5. d4 Nf6 6. Be2 Be7 7. 0-0 0-0 8. Ne5 Nbd7 9. f4 Nxe5 10. fxe5 Ne4 11. Nxe4 dxe4 12. Kh1 b6 13. Bd2 Bb7 14. c5 bxc5 15. Qb3 Bc8 16. Bc4 cxd4 17. Bxe6+ Kh8 18. Bxc8 Rxc8 19. exd4 Qxd4 20. Bc3 Qd5 21. Qb7 Bg5 22. Rxf5 Rcd8 23. Rxf8+ Rxf8 24. e6 Bf6 25. Bxf6 gxf6 26. Qe7 Kg8 27. h3 e3 28. Qxa7 Qxe6 29. Re1 Re8 30. Qd4 Kg7 31. Qg4+ Qxg4 32. hxg4 Kg6 33. Kh2 Kg5 34. Kg3 h5 35. gxh5 f5 36. Kf3 Rb8 37. b3 f4 38. g3 fxg3 39. Rxe3 Kh4 40. Kg2 Rd8 41. Re4+ 1/2-1/2

[Event "Verbandsliga Suedbaden 1415"]
[Site "Baden"]
[Date "2014.12.14"]
[Round "4.6"]
[White "Osthof, Alfred"]
[Black "Hurst, Peter"]
[Result "1/2-1/2"]
[WhiteElo "2140"]
[BlackElo "2154"]
[PlyCount "33"]
[EventDate "2014.10.12"]
[EventType "team-tourn"]
[EventRounds "9"]
[EventCountry "GER"]
[SourceTitle "EXT 2022"]
[Source "ChessBase"]
[SourceDate "2021.10.06"]
[SourceVersion "1"]
[SourceVersionDate "2021.10.06"]
[SourceQuality "1"]
[WhiteTeam "Offenburg"]
[BlackTeam "Lahr"]
[WhiteTeamCountry "GER"]
[BlackTeamCountry "GER"]

1. c4 e6 2. g3 d5 3. Nf3 c6 4. b3 f5 5. Bg2 Nf6 6. 0-0 Be7 7. Bb2 0-0 8. d3 Qe8 9. Nbd2 Qh5 10. Ne5 g5 11. e4 Qxd1 12. Raxd1 Nbd7 13. exf5 Nxe5 14. Bxe5 dxc4 15. dxc4 exf5 16. Bc3 a5 17. a4 1/2-1/2

[Event "Verbandsliga Suedbaden 1415"]
[Site "Baden"]
[Date "2014.10.12"]
[Round "1.5"]
[White "Hurst, Peter"]
[Black "Lang, Alexander"]
[Result "0-1"]
[WhiteElo "2154"]
[BlackElo "2079"]
[PlyCount "74"]
[EventDate "2014.10.12"]
[EventType "team-tourn"]
[EventRounds "9"]
[EventCountry "GER"]
[SourceTitle "EXT 2022"]
[Source "ChessBase"]
[SourceDate "2021.10.06"]
[SourceVersion "1"]
[SourceVersionDate "2021.10.06"]
[SourceQuality "1"]
[WhiteTeam "Lahr"]
[BlackTeam "Oberwinden"]
[WhiteTeamCountry "GER"]
[BlackTeamCountry "GER"]

1. d4 d5 2. e3 Nf6 3. f4 Bg4 4. Nf3 e6 5. Be2 Bd6 6. 0-0 c5 7. h3 Bxf3 8. Bxf3 Nc6 9. c3 Qc7 10. Na3 a6 11. Nc2 b5 12. g3 Ne7 13. Kg2 Nf5 14. dxc5 Bxc5 15. Nd4 Nd6 16. a4 0-0 17. axb5 axb5 18. Rxa8 Rxa8 19. Be2 b4 20. Qb3 Rb8 21. Qa4 bxc3 22. bxc3 Nfe4 23. Bd3 Nxc3 24. Qc2 Nce4 25. Ba3 Bb6 26. Nc6 Nc4 27. Bxc4 Qxc6 28. Bd3 Qxc2+ 29. Bxc2 Bxe3 30. f5 Ra8 31. Rb1 exf5 32. Rb3 d4 33. g4 Nd2 34. Rb7 g6 35. Be7 f4 36. Bf6 f3+ 37. Kg3 f2 0-1

[Event "GER CupT Baden Seniors final"]
[Site "Baden"]
[Date "2014.07.06"]
[Round "4.2"]
[White "Hurst, Peter"]
[Black "Dekan, Hans"]
[Result "1-0"]
[WhiteElo "2154"]
[BlackElo "2172"]
[PlyCount "123"]
[EventDate "2014.07.05"]
[EventType "team-k.o."]
[EventRounds "4"]
[EventCountry "GER"]
[SourceTitle "EXT 2015"]
[Source "ChessBase"]
[SourceDate "2014.11.20"]
[SourceVersion "1"]
[SourceVersionDate "2014.11.20"]
[SourceQuality "1"]
[WhiteTeam "Lahr/Offenburg"]
[BlackTeam "Eppingen"]
[WhiteTeamCountry "GER"]
[BlackTeamCountry "GER"]

1. d4 d5 2. Nf3 Bf5 3. e3 Nf6 4. Be2 e6 5. 0-0 Nbd7 6. Ne5 Bd6 7. f4 h5 8. Nd2 Qe7 9. Ndf3 0-0-0 10. c4 dxc4 11. Nxc4 Nb6 12. Nxd6+ cxd6 13. Bd2 Kb8 14. Qb3 Rc8 15. Rac1 Be4 16. Bb4 Nbd5 17. Nd2 Nxb4 18. Rxc8+ Rxc8 19. Nxe4 Nxa2 20. Nxd6 Qxd6 21. Qxa2 Qb6 22. Bf3 Rc2 23. Qa3 Ng4 24. h3 Nh6 25. Qf8+ Rc8 26. Qxg7 Nf5 27. Qxf7 Nxe3 28. Re1 Nf5 29. Kh2 Nxd4 30. Qxh5 Qxb2 31. Be4 Qf2 32. Qe5+ Ka8 33. Rb1 Nc6 34. Bxc6 bxc6 35. Rb2 Qf1 36. Qd4 Qa6 37. Qd7 c5 38. Ra2 Qb7 39. Qxe6 c4 40. Rb2 Qc6 41. Qxc6+ Rxc6 42. g4 c3 43. Rc2 Kb7 44. f5 Kc7 45. Kg3 Kd6 46. Kf4 Kd5 47. Ke3 Kc4 48. g5 Kb3 49. Rc1 Kb2 50. Rg1 c2 51. g6 a5 52. g7 Rc8 53. f6 Rg8 54. Rg2 a4 55. Kd3 Rd8+ 56. Kc4 a3 57. f7 a2 58. f8Q Ka1 59. Qf6+ Kb1 60. Rg1+ Rd1 61. Qb6+ Ka1 62. Qd4+ 1-0

[Event "Baden-ch Seniors"]
[Site "Waldshut Tiengen"]
[Date "2014.06.15"]
[Round "3"]
[White "Krause, Christian"]
[Black "Hurst, Peter"]
[Result "0-1"]
[WhiteElo "2154"]
[BlackElo "2170"]
[PlyCount "118"]
[EventDate "2014.06.14"]
[EventType "swiss"]
[EventRounds "9"]
[EventCountry "GER"]
[SourceTitle "EXT 2015"]
[Source "ChessBase"]
[SourceDate "2014.11.20"]
[SourceVersion "1"]
[SourceVersionDate "2014.11.20"]
[SourceQuality "1"]

1. g3 d5 2. d3 c5 3. Nf3 Nc6 4. Bg2 Bg4 5. Nbd2 g6 6. h3 Bxf3 7. Nxf3 Bg7 8. 0-0 e5 9. c3 Nge7 10. e4 0-0 11. Qe2 h6 12. exd5 Nxd5 13. Be3 Nxe3 14. Qxe3 Qb6 15. Rab1 Kh7 16. g4 Rae8 17. b4 cxb4 18. cxb4 Nd4 19. Nxd4 exd4 20. Qd2 f5 21. a4 fxg4 22. hxg4 Be5 23. f4 Bd6 24. Be4 Kg7 25. Kg2 Qc7 26. f5 g5 27. Rbc1 Qe7 28. Rc4 Qe5 29. Kh1 Qg3 30. Qg2 Qh4+ 31. Kg1 Bf4 32. Rxf4 gxf4 33. Rxd4 Rc8 34. Rc4 Rxc4 35. dxc4 Qe1+ 36. Kh2 Qh4+ 37. Kg1 Re8 38. Qb2+ Qf6 39. Qxf6+ Kxf6 40. Bf3 b6 41. Kf2 Rc8 42. Bd5 Ke5 43. Kf3 a5 44. b5 Rf8 45. Be6 Rf6 46. Kf2 Rf8 47. Kf3 Rd8 48. Bd5 Rd6 49. Ke2 h5 50. gxh5 Kxf5 51. Kf3 Rf6 52. Be4+ Kg5 53. Bg6 Re6 54. Bf7 Re3+ 55. Kf2 Re7 56. Bg6 Rc7 57. Bd3 Kxh5 58. Kf3 Kg5 59. Bf1 Kf5 0-1

[Event "Baden CupT Seniors 1213"]
[Site "Baden"]
[Date "2013.07.13"]
[Round "3.2"]
[White "Hurst, Peter"]
[Black "Mueller, Rudolf"]
[Result "1-0"]
[WhiteElo "2176"]
[BlackElo "2168"]
[PlyCount "73"]
[EventDate "2013.04.22"]
[EventType "team-k.o."]
[EventRounds "5"]
[EventCountry "GER"]
[SourceTitle "EXT 2014"]
[Source "ChessBase"]
[SourceDate "2013.11.20"]
[SourceVersion "1"]
[SourceVersionDate "2013.11.20"]
[SourceQuality "1"]
[WhiteTeam "Lahr/Offenburg Seniors"]
[BlackTeam "KSF/Pfinztal Seniors"]
[WhiteTeamCountry "GER"]
[BlackTeamCountry "GER"]

1. d4 Nf6 2. e3 b6 3. f4 Bb7 4. Nf3 e6 5. Be2 c5 6. 0-0 cxd4 7. exd4 Bd6 8. c3 Nc6 9. Ne5 Ne7 10. Bf3 Bxf3 11. Qxf3 h5 12. Nd2 Rc8 13. Ne4 Nxe4 14. Qxe4 Nf5 15. Bd2 Qc7 16. Rae1 f6 17. Ng6 Kf7 18. Nxh8+ Rxh8 19. b3 h4 20. Rf3 b5 21. Kf1 Qa5 22. Qc2 Rc8 23. Rd3 g5 24. d5 Qc7 25. dxe6+ dxe6 26. fxg5 Bxh2 27. Rf3 Qc5 28. Ree3 fxg5 29. Qe4 Re8 30. Ke2 Bf4 31. Rd3 Bxd2 32. Kxd2 Re7 33. b4 Qc8 34. Qe5 a6 35. Rd6 Rd7 36. Rxf5+ exf5 37. Qe6+ 1-0

[Event "Baden-ch Seniors"]
[Site "Birkenfeld"]
[Date "2013.05.27"]
[Round "3"]
[White "Hurst, Peter"]
[Black "Mertens, Gottfried"]
[Result "1-0"]
[WhiteElo "2178"]
[BlackElo "1880"]
[PlyCount "107"]
[EventDate "2013.05.25"]
[EventType "swiss"]
[EventRounds "9"]
[EventCountry "GER"]
[SourceTitle "EXT 2014"]
[Source "ChessBase"]
[SourceDate "2013.11.20"]
[SourceVersion "1"]
[SourceVersionDate "2013.11.20"]
[SourceQuality "1"]

1. d4 f5 2. f4 Nf6 3. e3 e6 4. Nf3 d5 5. Bd3 Bd6 6. 0-0 0-0 7. Nbd2 c6 8. Ne5 Qe8 9. Rf3 b6 10. Rh3 Ba6 11. Qe1 Bxd3 12. cxd3 Bb4 13. Qh4 Bxd2 14. Bxd2 c5 15. dxc5 bxc5 16. Bc3 Qd8 17. g4 fxg4 18. Nxg4 Nbd7 19. Kh1 d4 20. exd4 h5 21. Ne5 Nxe5 22. dxe5 Ng4 23. Qxd8 Raxd8 24. Rf1 g6 25. Rg3 Kh7 26. h3 Nh6 27. Kh2 Nf5 28. Rgf3 Rd5 29. Be1 Rfd8 30. Bf2 Nd4 31. Bxd4 Rxd4 32. Rc1 Rxd3 33. Rxd3 Rxd3 34. Rxc5 Rd2+ 35. Kg3 Rxb2 36. Rc7+ Kh6 37. Rxa7 g5 38. Ra6 gxf4+ 39. Kxf4 Rb4+ 40. Kf3 Kg5 41. Rxe6 Ra4 42. Rf6 Rxa2 43. Ke4 Re2+ 44. Kd5 Rd2+ 45. Ke4 Re2+ 46. Kd5 Rd2+ 47. Kc6 Rd3 48. h4+ Kxh4 49. Rg6 Rg3 50. Rxg3 Kxg3 51. e6 h4 52. e7 h3 53. e8Q h2 54. Qe4 1-0

[Event "Baden-ch Seniors"]
[Site "Birkenfeld"]
[Date "2013.05.26"]
[Round "2"]
[White "Schneider, Klaus"]
[Black "Hurst, Peter"]
[Result "0-1"]
[WhiteElo "1856"]
[BlackElo "2178"]
[PlyCount "44"]
[EventDate "2013.05.25"]
[EventType "swiss"]
[EventRounds "9"]
[EventCountry "GER"]
[SourceTitle "EXT 2014"]
[Source "ChessBase"]
[SourceDate "2013.11.20"]
[SourceVersion "1"]
[SourceVersionDate "2013.11.20"]
[SourceQuality "1"]

1. d4 d5 2. c4 e6 3. Nc3 f5 4. Nf3 c6 5. cxd5 exd5 6. Bg5 Nf6 7. e3 Be7 8. Bd3 0-0 9. 0-0 Ne4 10. Bxe7 Qxe7 11. Qc2 Nd7 12. Rfe1 Rf6 13. Ne2 Nf8 14. Nf4 Rh6 15. h4 Rxh4 16. Nxh4 Qxh4 17. Bxe4 fxe4 18. g3 Qg5 19. Qe2 Bg4 20. Qf1 Rd8 21. Nh3 Qf5 22. Nf4 Rd6 0-1

[Event "Verbandsliga Sued Baden 1213"]
[Site "Baden"]
[Date "2012.10.21"]
[Round "1.6"]
[White "Leonov, Mikhail"]
[Black "Hurst, Peter"]
[Result "1/2-1/2"]
[WhiteElo "2012"]
[BlackElo "2178"]
[PlyCount "53"]
[EventDate "2012.10.21"]
[EventType "team-tourn"]
[EventRounds "9"]
[EventCountry "GER"]
[SourceTitle "EXT 2014"]
[Source "ChessBase"]
[SourceDate "2013.11.20"]
[SourceVersion "1"]
[SourceVersionDate "2013.11.20"]
[SourceQuality "1"]
[WhiteTeam "Baden-Baden IV"]
[BlackTeam "Lahr"]
[WhiteTeamCountry "GER"]
[BlackTeamCountry "GER"]

1. d4 d5 2. c4 e6 3. g3 c6 4. Qc2 f5 5. Bg2 Nf6 6. Nh3 Be7 7. 0-0 0-0 8. Nd2 Ne4 9. Nf4 g5 10. Nd3 Bd7 11. Nf3 Be8 12. Nfe5 Nd7 13. c5 Nxe5 14. Nxe5 Qc7 15. Nd3 Bf6 16. e3 Bg6 17. f3 Nxg3 18. hxg3 Qxg3 19. Qf2 Qc7 20. f4 b6 21. Bd2 Kh8 22. cxb6 axb6 23. Bb4 Rg8 24. Ne5 Bxe5 25. dxe5 c5 26. Bc3 Be8 27. Qf3 1/2-1/2

[Event "GER-chT Seniors 21st"]
[Site "Berlin"]
[Date "2012.09.12"]
[Round "3.38"]
[White "Nuenchert, Eveline"]
[Black "Hurst, Peter"]
[Result "1/2-1/2"]
[WhiteElo "2005"]
[BlackElo "2103"]
[PlyCount "63"]
[EventDate "2012.09.10"]
[EventType "team-swiss"]
[EventRounds "7"]
[EventCountry "GER"]
[SourceTitle "CBM 150 Extra"]
[Source "ChessBase"]
[SourceDate "2012.10.19"]
[SourceVersion "1"]
[SourceVersionDate "2012.10.19"]
[SourceQuality "1"]
[WhiteTeam "Brandenburg II"]
[BlackTeam "Baden Seniors II"]
[WhiteTeamCountry "GER"]
[BlackTeamCountry "GER"]

1. e4 d5 2. exd5 Qxd5 3. Nc3 Qa5 4. d4 Nf6 5. Nf3 c6 6. Bc4 Bg4 7. Qe2 Qh5 8. Bf4 Nbd7 9. 0-0-0 Bxf3 10. gxf3 Nb6 11. Bb3 Nbd5 12. Nxd5 Nxd5 13. Bg3 g6 14. Rhe1 e6 15. c4 Bh6+ 16. Kb1 Nf4 17. Qe4 Qf5 18. Bc2 0-0-0 19. Qe3 Qf6 20. Qa3 Kb8 21. Re4 Ka8 22. d5 cxd5 23. cxd5 e5 24. Ra4 Qb6 25. Qe3 Nxd5 26. Qxe5 Rhe8 27. Qd4 Bg5 28. Qxb6 Nxb6 29. Rxd8+ Bxd8 30. Re4 Re7 31. Bb3 f5 32. Rxe7 1/2-1/2

[Event "Baden-chT Seniors"]
[Site "Baden"]
[Date "2012.07.08"]
[Round "4.2"]
[White "Hurst, Peter"]
[Black "Mueller, Rudolf"]
[Result "1-0"]
[WhiteElo "2165"]
[BlackElo "2208"]
[PlyCount "59"]
[EventDate "2012.04.22"]
[EventType "team-tourn"]
[EventRounds "4"]
[EventCountry "GER"]
[SourceTitle "EXT 2013"]
[Source "ChessBase"]
[SourceDate "2012.11.22"]
[SourceVersion "1"]
[SourceVersionDate "2012.11.22"]
[SourceQuality "1"]
[WhiteTeam "Lahr/Offenburg"]
[BlackTeam "KSF/Pfinztal"]
[WhiteTeamCountry "GER"]
[BlackTeamCountry "GER"]

1. d4 Nf6 2. Nf3 e6 3. e3 b6 4. Be2 Bb7 5. 0-0 d5 6. b3 Bd6 7. Bb2 0-0 8. c4 Nbd7 9. Nc3 a6 10. Rc1 Ne4 11. a3 Qf6 12. g3 dxc4 13. Nxe4 Bxe4 14. Nd2 Bf5 15. e4 c3 16. Bxc3 Bxa3 17. Ra1 Bh3 18. Rxa3 Bxf1 19. Nxf1 a5 20. Qa1 Qg6 21. Bf3 Rad8 22. Ra4 f5 23. e5 f4 24. g4 c5 25. d5 Qd3 26. Be4 Qe2 27. f3 exd5 28. Ra2 Qb5 29. Bxd5+ Kh8 30. e6 1-0

[Event "Baden-chT Seniors"]
[Site "Baden"]
[Date "2012.07.07"]
[Round "3.2"]
[White "Dekan, Hans"]
[Black "Hurst, Peter"]
[Result "0-1"]
[WhiteElo "2164"]
[BlackElo "2165"]
[PlyCount "98"]
[EventDate "2012.04.22"]
[EventType "team-tourn"]
[EventRounds "4"]
[EventCountry "GER"]
[SourceTitle "EXT 2013"]
[Source "ChessBase"]
[SourceDate "2012.11.22"]
[SourceVersion "1"]
[SourceVersionDate "2012.11.22"]
[SourceQuality "1"]
[WhiteTeam "Eppingen"]
[BlackTeam "Lahr/Offenburg"]
[WhiteTeamCountry "GER"]
[BlackTeamCountry "GER"]

1. e4 d5 2. exd5 Qxd5 3. Nc3 Qa5 4. Bc4 Nf6 5. d3 c6 6. h3 Bf5 7. Nf3 e6 8. 0-0 Bd6 9. Re1 0-0 10. Nd4 Nbd7 11. Bd2 Qc5 12. Be3 Qe5 13. f4 Qa5 14. Nb3 Qc7 15. Nd4 Bxf4 16. Nxf5 exf5 17. Bf2 Bh2+ 18. Kf1 g6 19. d4 Nh5 20. Qf3 Ng3+ 21. Bxg3 Bxg3 22. Re7 Bh4 23. Re3 Qh2 24. Ke2 Bg5 25. Rf1 Bxe3 26. Kxe3 Rae8+ 27. Kd2 Nf6 28. Kc1 Kg7 29. g4 f4 30. g5 Nh5 31. Ne4 Ng3 32. Nxg3 Qxg3 33. Qxf4 Qxf4+ 34. Rxf4 f6 35. Rg4 fxg5 36. Rxg5 Rf3 37. Rg4 Rxh3 38. Rf4 Re7 39. Bd3 Rg3 40. Kd2 g5 41. Rf5 h5 42. d5 cxd5 43. Rxd5 h4 44. Rd6 h3 45. Rg6+ Kf7 46. Rh6 Rg2+ 47. Kc3 h2 48. Rh7+ Kf6 49. Rh6+ Ke5 0-1

[Event "Baden-ch Seniors"]
[Site "Emmendingen"]
[Date "2012.06.09"]
[Round "8"]
[White "Hurst, Peter"]
[Black "Dushatskiy, Fedor"]
[Result "0-1"]
[WhiteElo "2165"]
[BlackElo "2148"]
[PlyCount "132"]
[EventDate "2012.06.02"]
[EventType "swiss"]
[EventRounds "9"]
[EventCountry "GER"]
[SourceTitle "CBM 148 Extra"]
[Source "ChessBase"]
[SourceDate "2012.06.22"]
[SourceVersion "1"]
[SourceVersionDate "2012.06.22"]
[SourceQuality "1"]

1. d4 f5 2. f4 Nf6 3. Nf3 g6 4. e3 Bg7 5. Bd3 b6 6. 0-0 Bb7 7. c4 c5 8. dxc5 bxc5 9. Nc3 0-0 10. Re1 Nc6 11. e4 Nd4 12. exf5 Bxf3 13. gxf3 gxf5 14. Nb5 Nh5 15. Nxd4 Bxd4+ 16. Be3 Bxe3+ 17. Rxe3 e6 18. Qe1 Rf7 19. Kh1 Qf6 20. Qf2 Rg7 21. Rg1 Rxg1+ 22. Qxg1+ Kh8 23. Bf1 Rg8 24. Qf2 Qd4 25. Qe1 Qg7 26. Qf2 Qd4 27. Qe1 Nxf4 28. Qc3 Rb8 29. b3 Qxc3 30. Rxc3 Kg7 31. Kg1 Kf6 32. Kf2 a5 33. Rc1 e5 34. Rd1 Ke6 35. Bd3 Rg8 36. Bf1 d6 37. Rb1 Rb8 38. Be2 a4 39. Ke3 axb3 40. axb3 Kf6 41. Bf1 Ne6 42. Be2 Nd4 43. Bd1 f4+ 44. Kd3 Ra8 45. Rb2 Ra1 46. Kd2 e4 47. fxe4 f3 48. Ke1 Ke5 49. Rd2 Kxe4 50. Kf2 Rc1 51. Bxf3+ Nxf3 52. Rxd6 Nd4 53. Rh6 Rc2+ 54. Ke1 Rxh2 55. Rb6 Ke3 56. Kf1 Rf2+ 57. Ke1 Rb2 58. Kf1 Rxb3 59. Rh6 Kd3 60. Rxh7 Kxc4 61. Kf2 Rb2+ 62. Ke3 Re2+ 63. Kf4 Kd3 64. Rh3+ Kd2 65. Ra3 c4 66. Ra4 Kd3 0-1

[Event "Baden-ch Seniors"]
[Site "Emmendingen"]
[Date "2012.06.04"]
[Round "3"]
[White "Schmidt, Wolfgang"]
[Black "Hurst, Peter"]
[Result "0-1"]
[WhiteElo "2249"]
[BlackElo "2165"]
[PlyCount "72"]
[EventDate "2012.06.02"]
[EventType "swiss"]
[EventRounds "9"]
[EventCountry "GER"]
[SourceTitle "CBM 148 Extra"]
[Source "ChessBase"]
[SourceDate "2012.06.22"]
[SourceVersion "1"]
[SourceVersionDate "2012.06.22"]
[SourceQuality "1"]

1. e4 d5 2. exd5 Qxd5 3. Nc3 Qa5 4. d4 c6 5. Nf3 Nf6 6. Bc4 Bg4 7. h3 Qh5 8. Qe2 Nbd7 9. Be3 Bxf3 10. gxf3 Nb6 11. Bb3 e6 12. a3 Be7 13. 0-0-0 Nbd5 14. Nxd5 Nxd5 15. c4 Nxe3 16. fxe3 0-0 17. e4 b5 18. d5 bxc4 19. Bxc4 cxd5 20. exd5 Rac8 21. dxe6 Qc5 22. b3 Qxa3+ 23. Qb2 Rxc4+ 24. bxc4 Qe3+ 25. Qd2 Qxe6 26. Qd5 Qa6 27. Rhg1 Bf6 28. Qb5 Qa3+ 29. Kb1 Qxf3 30. Rdf1 Qd3+ 31. Kc1 Bc3 32. Qd5 Qe3+ 33. Kc2 Bd4 34. Rg2 Qc3+ 35. Kd1 Qa1+ 36. Ke2 Re8+ 0-1

[Event "Verbandsliga Sued Baden 1112"]
[Site "Germany"]
[Date "2012.03.25"]
[Round "8.3"]
[White "Rauch, Uwe"]
[Black "Hurst, Peter"]
[Result "1-0"]
[WhiteElo "2173"]
[BlackElo "2131"]
[PlyCount "41"]
[EventDate "2011.10.09"]
[EventType "team-tourn"]
[EventRounds "9"]
[EventCountry "GER"]
[SourceTitle "EXT 2013"]
[Source "ChessBase"]
[SourceDate "2012.11.22"]
[SourceVersion "1"]
[SourceVersionDate "2012.11.22"]
[SourceQuality "1"]
[WhiteTeam "Offenburg"]
[BlackTeam "Lahr"]
[WhiteTeamCountry "GER"]
[BlackTeamCountry "GER"]

1. e4 d5 2. exd5 Nf6 3. d4 e6 4. dxe6 Bxe6 5. Nf3 c5 6. Bb5+ Nc6 7. Be3 Qa5+ 8. Nc3 0-0-0 9. Bxc6 bxc6 10. 0-0 Bg4 11. Qd3 Bxf3 12. Qf5+ Kb7 13. gxf3 Bd6 14. dxc5 Rhe8 15. b4 Qa3 16. cxd6 Qxc3 17. Qa5 Rxe3 18. Qc7+ Ka6 19. a4 Qxb4 20. Rab1 Qc5 21. Rb5 1-0

[Event "Verbandsliga Sued Baden 0910"]
[Site "Germany"]
[Date "2010.01.10"]
[Round "5.7"]
[White "Berg, Patrick"]
[Black "Hurst, Peter"]
[Result "1-0"]
[WhiteElo "2147"]
[BlackElo "2131"]
[PlyCount "75"]
[EventDate "2009.10.11"]
[EventType "team-tourn"]
[EventRounds "9"]
[EventCountry "GER"]
[SourceTitle "EXT 2011"]
[Source "ChessBase"]
[SourceDate "2010.11.26"]
[SourceVersion "1"]
[SourceVersionDate "2010.11.26"]
[SourceQuality "1"]
[WhiteTeam "Horben"]
[BlackTeam "Lahr"]
[WhiteTeamCountry "GER"]
[BlackTeamCountry "GER"]

1. c4 e6 2. g3 d5 3. Bg2 c6 4. Nf3 f5 5. 0-0 Nf6 6. Qc2 Be7 7. d3 0-0 8. Nbd2 Qe8 9. e4 Qh5 10. Re1 dxe4 11. dxe4 Bc5 12. exf5 exf5 13. b4 Bxb4 14. Rb1 Na6 15. Re5 Bd6 16. c5 Bxe5 17. Nxe5 Nd5 18. Ndf3 Nac7 19. a4 f4 20. Qc4 Be6 21. Qd4 Qf5 22. Rxb7 Rfb8 23. Rxb8+ Rxb8 24. Nxc6 Rb1 25. Qd2 Qf6 26. Ncd4 Nb4 27. Ne1 Rxc1 28. Nxe6 Rxe1+ 29. Qxe1 Nd3 30. Qb1 Nxe6 31. Qxd3 Qa1+ 32. Bf1 Qe5 33. Qc4 Kf8 34. c6 f3 35. Qb4+ Ke8 36. Qb7 Nd4 37. Qd7+ Kf8 38. c7 1-0

[Event "Verbandsliga Sued Baden 0708"]
[Site "Germany"]
[Date "2007.11.18"]
[Round "3.7"]
[White "Gantner, Ralf"]
[Black "Hurst, Peter"]
[Result "0-1"]
[WhiteElo "1833"]
[BlackElo "2001"]
[PlyCount "112"]
[EventDate "2007.10.14"]
[EventType "team"]
[EventRounds "9"]
[EventCountry "GER"]
[SourceTitle "EXT 2009"]
[Source "ChessBase"]
[SourceDate "2008.11.26"]
[SourceVersion "1"]
[SourceVersionDate "2008.11.26"]
[SourceQuality "1"]
[WhiteTeam "Kuppenheim II"]
[BlackTeam "Lahr"]
[WhiteTeamCountry "GER"]
[BlackTeamCountry "GER"]

1. e4 c5 2. c3 g6 3. d4 Bg7 4. Be3 cxd4 5. cxd4 d6 6. Nc3 Nf6 7. Nf3 Ng4 8. Bf4 Nc6 9. h3 Nf6 10. d5 Nh5 11. Bh2 Ne5 12. Nxe5 dxe5 13. Qd2 0-0 14. Be2 Nf6 15. Rc1 a6 16. Qe3 Ne8 17. 0-0 Nd6 18. Na4 b5 19. Nc5 f5 20. f3 Qb6 21. Kh1 Nf7 22. Qb3 Qf6 23. f4 exf4 24. Rc2 g5 25. exf5 Bxf5 26. Bf3 Bxc2 27. Qxc2 Qxb2 28. Qf5 Qf6 29. Qb1 Nd6 30. Ne6 Qb2 31. Qd3 Qc3 32. Qb1 Rac8 33. Nxg5 Qc2 34. Qe1 Qg6 35. Ne6 Qh6 36. Bg4 Rc4 37. Nxf8 Bxf8 38. Bxf4 Rxf4 39. Be6+ Kh8 40. Qe5+ Rf6 41. Rf3 Bg7 42. Qe2 Rxf3 43. Qxf3 Qc1+ 44. Kh2 Be5+ 45. g3 Qd2+ 46. Kh1 Qc1+ 47. Kh2 Qb2+ 48. Kh1 Qa1+ 49. Kh2 Qxa2+ 50. Kh1 Qb1+ 51. Kh2 Qc2+ 52. Kg1 Bd4+ 53. Kf1 Qc1+ 54. Ke2 Qh6 55. g4 Qf6 56. Qd3 Nc4 0-1

[Event "Verbandsliga Sued Baden 0708"]
[Site "Germany"]
[Date "2007.10.28"]
[Round "2.6"]
[White "Reis, Hans Helmut"]
[Black "Hurst, Peter"]
[Result "1/2-1/2"]
[WhiteElo "1972"]
[BlackElo "2001"]
[PlyCount "63"]
[EventDate "2007.10.14"]
[EventType "team"]
[EventRounds "9"]
[EventCountry "GER"]
[SourceTitle "EXT 2009"]
[Source "ChessBase"]
[SourceDate "2008.11.26"]
[SourceVersion "1"]
[SourceVersionDate "2008.11.26"]
[SourceQuality "1"]
[WhiteTeam "Kehl"]
[BlackTeam "Lahr"]
[WhiteTeamCountry "GER"]
[BlackTeamCountry "GER"]

1. d4 d5 2. Bf4 e6 3. e3 f5 4. Nf3 Nf6 5. Ne5 Be7 6. Be2 0-0 7. 0-0 Nbd7 8. a3 Nxe5 9. Bxe5 Kh8 10. c4 c6 11. b4 Ne4 12. Qc2 Bf6 13. f3 Bxe5 14. dxe5 Ng5 15. f4 Ne4 16. Nc3 Nxc3 17. Qxc3 Bd7 18. c5 Rc8 19. a4 b6 20. b5 a5 21. bxa6 Rb8 22. Rfb1 Qc7 23. Rb2 b5 24. axb5 cxb5 25. a7 Ra8 26. Bxb5 Bxb5 27. Rxb5 Rxa7 28. Rxa7 Qxa7 29. Qa5 Qxa5 30. Rxa5 Kg8 31. Ra7 Rc8 32. Ra5 1/2-1/2